000 00482nam a2200217Ia 4500
003 OSt
005 20221005125036.0
006 a|||||r|||| 00| 0
007 ta
008 ORI
024 _a27640
037 _cTextual
040 _aCRL
_cCRL
_bORI
041 _2ORI
_aORI
082 _aO1591v, K4
100 _aSamantray
_9636121
245 0 _aOria sahityara itihasa
260 _c1964
942 _hO1591v, K4
_cTEXL
_2cc
999 _c1052511
_d1052511